Central Library OPAC University of Rajshahi

Impact of personality factors on academic achivements of College students / (Record no. 78565)

MARC details
000 -LEADER
fixed length control field 01023nam a2200265 a 4500
001 - CONTROL NUMBER
control field 78565
003 - CONTROL NUMBER IDENTIFIER
rucl marc code BD-RjUL
005 - DATE AND TIME OF LATEST TRANSACTION
control field 20211209083137.0
008 - FIXED-LENGTH DATA ELEMENTS--GENERAL INFORMATION
fixed length control field 211007s2006 eng||||| m||| 00| 0 eng d
035 ## - SYSTEM CONTROL NUMBER
System control number (BD-RjUL)78791
040 ## - CATALOGING SOURCE
Original cataloging agency BD-RjUL
Language of cataloging eng
Modifying agency BD-RjUL
041 ## - LANGUAGE CODE
Language code of text/sound track or separate title eng
082 ## - DEWEY DECIMAL CLASSIFICATION NUMBER
Classification number 158.1
Author mark and year CHI 2006
Edition number 23
100 ## - MAIN ENTRY--PERSONAL NAME
Personal name Chowdhury, Md. Rahamat Ali
9 (RLIN) 248908
245 10 - TITLE STATEMENT
Title Impact of personality factors on academic achivements of College students /
Statement of responsibility, etc. Md. Rahamat Ali Chowdhury ;
Linkage Supervisor : Shawkat Ara
260 ## - PUBLICATION, DISTRIBUTION, ETC. (IMPRINT)
Place of publication, distribution, etc. Rajshahi :
Name of publisher, distributor, etc. Department of Psychology, University of Rajshahi,
Date of publication, distribution, etc. 2006
300 ## - PHYSICAL DESCRIPTION
Pagination xvii, 177 leaves :
Size 29 cm.
502 ## - DISSERTATION NOTE
Dissertation note Thesis (M. Phil.) -- Department of Psychology, Rajshahi University, 2006
504 ## - BIBLIOGRAPHY, ETC. NOTE
Bibliography, etc Bibliography : leaves [141]-163
650 ## - SUBJECT ADDED ENTRY--TOPICAL TERM
Topical term or geographic name as entry element Academic Achivements
General subdivision Psychological aspects
9 (RLIN) 248909
Topical term or geographic name as entry element College students
General subdivision Psychology
9 (RLIN) 249050
Topical term or geographic name as entry element Personality and academic achievement
9 (RLIN) 249262
700 ## - ADDED ENTRY--PERSONAL NAME
Personal name Ara, Shawkat , Supervisor
942 ## - ADDED ENTRY ELEMENTS (KOHA)
Source of classification or shelving scheme Dewey Decimal Classification
Koha item type Theses
Holdings
Lost status Source of classification or shelving scheme Damaged status Not for loan Collection code Permanent Location Current Location Shelving location Date acquired Source of acquisition Total Checkouts Full call number Date last seen Copy number Koha item type
  Dewey Decimal Classification   Not For Loan Theses Central Library, University of Rajshahi Central Library, University of Rajshahi Documentation Section 19/02/2007 Controller of Exam. R.U.   THE 158.1 CHI 2006 07/10/2021 C-1 Theses